00386nam a2200133 a 450008200190000010000250001924500630004426000440010730000090015150000350016050500100019565000220020570000250022700a500.80297bNAS aNasr, Seyyed Hussain aIntroduction of Islamic Cosmological Doctrines Conceptions aHarvardbHarvard University Pressc1964 a312p aincludes index and biblioraphy2 aIndex aQuran and Science1 aNasr, Seyyed Hussain